Equity and trusts. (Record no. 6745)

MARC details
000 -LEADER
fixed length control field 00565nam a22002177a 4500
005 - DATE AND TIME OF LATEST TRANSACTION
control field 20170822174942.0
008 - FIXED-LENGTH DATA ELEMENTS--GENERAL INFORMATION
fixed length control field 130918b xxu||||| |||| 00| 0 eng d
020 ## - INTERNATIONAL STANDARD BOOK NUMBER
International Standard Book Number 978-0-414-02569-1
040 ## - CATALOGING SOURCE
Original cataloging agency BSU
Transcribing agency BSU
082 ## - DEWEY DECIMAL CLASSIFICATION NUMBER
Edition number 22
Classification number 346.004 CHA
100 ## - MAIN ENTRY--PERSONAL NAME
Personal name Chang, Chris
9 (RLIN) 14573
243 ## - COLLECTIVE UNIFORM TITLE
Unifor title <a href="Nutcases.">Nutcases.</a>
245 ## - TITLE STATEMENT
Title Equity and trusts.
Statement of responsibility, etc Chris Chiang.
250 ## - EDITION STATEMENT
Edition statement 6th ed.
260 ## - PUBLICATION, DISTRIBUTION, ETC. (IMPRINT)
Place of publication, distribution, etc London:
Name of publisher, distributor, etc Sweet & Maxwell.
Date of publication, distribution, etc 2013.
300 ## - PHYSICAL DESCRIPTION
Extent xliii, 267p;
Dimensions 22cm.
440 ## - SERIES STATEMENT/ADDED ENTRY--TITLE
Title Nutcases.
9 (RLIN) 14571
650 ## - SUBJECT ADDED ENTRY--TOPICAL TERM
Topical term or geographic name as entry element Equity.
Form subdivision Trusts.
9 (RLIN) 14574
658 ## - INDEX TERM--CURRICULUM OBJECTIVE
Main curriculum objective Law.
942 ## - ADDED ENTRY ELEMENTS (KOHA)
Source of classification or shelving scheme Dewey Decimal Classification
Item type Books
Holdings
Withdrawn status Lost status Source of classification or shelving scheme Damaged status Not for loan Home library Current library Shelving location Date acquired Source of acquisition Inventory number Full call number Barcode Date last seen Copy number Price effective from Koha item type
    Dewey Decimal Classification     Main Library Faculty of Law Library   18/09/2013 Purchased. 28861 346.004 CHA bsu24081599 18/09/2013 001 18/09/2013 Books
    Dewey Decimal Classification     Main Library Faculty of Law Library   18/09/2013 Purchased. 28862 346.004 CHA bsu24081600 18/09/2013 002 18/09/2013 Books
    Dewey Decimal Classification     Main Library Faculty of Law Library   18/09/2013 Purchased. 28863 346.004 CHA bsu24081601 18/09/2013 003 18/09/2013 Books

© 2017 Bishop Stuart University Library. All Rights Reserved.
Kakoba Campus, Plot 150 Buremba Road | P.O. Box 9, Mbarara, UGANDA | Tel: +256-772-463068
Email: library@bsu.ac.ug